000 00743cam a22002533a 4500
001 10291
003 PGUSA
005 20140828083222.0
008 031101s2003||||xxu|||||s|||||000 | eng d
040 _aPGUSA
_beng
042 _adc
050 4 _aD501
100 1 _aWells, H. G.
_q(Herbert George),
_d1866-1946
245 1 0 _aIn the Fourth Year :
_bAnticipations of a World Peace
_h[electronic resource] /
_cH. G. Wells
260 _bProject Gutenberg,
_c2003
506 _aPublic domain in the USA.
516 _aElectronic text
653 _aLeague of Nations
653 _aDemocracy
653 _aWorld War, 1914-1918 -- Peace
830 0 _aProject Gutenberg
_v10291
856 4 0 _uhttp://www.gutenberg.org/ebooks/10291
942 _cEB
999 _c239546
_d239546